|
|
|
|
| LEADER |
00000cas a2200000 a 4500 |
| 001 |
vtls009521650 |
| 003 |
SK-MaSNL |
| 005 |
20260430160505.0 |
| 008 |
150209c20099999xo br p 0 b0slo |
| 022 |
|
|
|a 1337-981X
|
| 035 |
|
|
|a (SVKBB)vtls000311639
|
| 040 |
|
|
|a SVKBB
|b slo
|c SVKBB
|d SAVUK
|d SNK
|e AACR2
|
| 041 |
0 |
|
|a slo
|
| 044 |
|
|
|a xo
|c SK
|
| 072 |
|
7 |
|a 796
|x Šport. Hry. Telesné cvičenia
|2 konspekt
|
| 080 |
|
|
|a 796.6
|2 2011
|
| 080 |
|
|
|a 796.61
|2 2011
|
| 080 |
|
|
|a 050
|2 2001
|
| 080 |
|
|
|a (051)-048.55
|2 2011
|
| 210 |
0 |
|
|a Biker
|b (Bratisl.)
|
| 222 |
|
0 |
|a Biker
|b (Bratislava)
|
| 245 |
0 |
0 |
|a Biker
|b freeride magazine
|
| 260 |
|
|
|a Bratislava
|b Sportmedia, s.r.o.
|c 2009-
|
| 300 |
|
|
|a zv.
|c 28-30 cm
|
| 310 |
|
|
|a 7x ročne
|b 2010-
|
| 321 |
|
|
|a 4x ročne
|b 2009
|
| 362 |
0 |
|
|a Roč. 1, č. 1 (2009)-
|
| 500 |
|
|
|a Od r. 2012 rozmer zv. 30 cm
|
| 500 |
|
|
|a Zmena podnázvu: od č. 2/2009, 4x bmx dirt enduro freeride downhill ; od č. 1/2010, mountain bike / bmx / lifestyle ; od č. 1/2011 mountain bike, testy, trasy, bmx ; od č. 1/2012 bez podnázvu
|
| 500 |
|
|
|a Evidenčné číslo: EV 3231/09
|
| 500 |
|
|
|a Od č. 2/2023 neuvádzajú ročník
|
| 515 |
|
|
|a Č. 1/2020 má chybne označený roč. XI.
|
| 650 |
0 |
7 |
|a cyklistika
|2 SNKPH
|9 3263
|
| 650 |
0 |
7 |
|a horská cyklistika
|2 SNKPH
|9 74921
|
| 655 |
|
7 |
|a špecializované časopisy
|2 SNKPH
|9 70509
|
| 852 |
|
|
|a Štátna vedecká knižnica v Banskej Bystrici
|
| 856 |
4 |
1 |
|u http://www.biker.sk
|
| 910 |
|
|
|a snk
|
| 910 |
|
|
|a savuk
|
| 916 |
|
|
|a 2009-2014, 2015-2019
|
| 999 |
|
|
|c 2104
|d 4034
|
| 952 |
|
|
|t č. 1-4, neúplné
|a SNK
|b SNK
|y PREZ
|7 0
|p 17A1557266
|o snkČSB 5950/14/2022/1 D1
|i snk2025/10386
|8 3
|z Chýba č. 3
|0 0
|1 0
|4 0
|d 2025-07-02
|l 0
|r 2026-02-21 19:50:37
|w 2026-02-21
|
| 952 |
|
|
|t č. 5-7
|a SNK
|b SNK
|y PREZ
|7 0
|p 17A1557267
|o snkČSB 5950/14/2022/2 D1
|i snk2025/10391
|8 3
|0 0
|1 0
|4 0
|d 2025-07-02
|l 0
|r 2026-02-21 19:50:37
|w 2026-02-21
|
| 952 |
|
|
|t č. 1-4
|a SNK
|b SNK
|y PREZ
|7 0
|p 17A1557268
|o snkČSB 5950/15/2023/1 D1
|i snk2025/10392
|8 3
|0 0
|1 0
|4 0
|d 2025-07-02
|l 0
|r 2026-02-21 19:50:37
|w 2026-02-21
|
| 952 |
|
|
|t č. 5-7 + príl.
|a SNK
|b SNK
|y PREZ
|7 0
|p 17A1557269
|o snkČSB 5950/15/2023/2 D1
|i snk2025/10393
|8 3
|z Príloha: Kalendár 2024
|0 0
|1 0
|4 0
|d 2025-07-02
|l 0
|r 2026-02-21 19:50:38
|w 2026-02-21
|
| 952 |
|
|
|t č. 1-4
|a SNK
|b SNK
|y PREZ
|7 0
|p 17A1557270
|o snkČSB 5950/2024/1
|i snk2025/10402
|8 0
|0 0
|1 0
|4 0
|d 2025-07-02
|l 0
|r 2026-02-21 19:50:38
|w 2026-02-21
|
| 952 |
|
|
|t č. 5-7
|a SNK
|b SNK
|y PREZ
|7 0
|p 17A1557271
|o snkČSB 5950/2024/2
|i snk2025/10403
|8 0
|0 0
|1 0
|4 0
|d 2025-07-02
|l 0
|r 2026-02-21 19:50:38
|w 2026-02-21
|
| 952 |
|
|
|t č. 1-4
|a SNK
|b SNK
|y PREZ
|7 0
|p 17A1523850
|o snkČSB 5950/14/2022/1
|i snk2024/12174
|8 0
|0 0
|1 0
|4 0
|d 2024-07-30
|l 0
|r 2026-02-21 20:00:26
|w 2026-02-21
|
| 952 |
|
|
|t č. 5-7
|a SNK
|b SNK
|y PREZ
|7 0
|p 17A1523851
|o snkČSB 5950/14/2022/2
|i snk2024/12176
|8 0
|0 0
|1 0
|4 0
|d 2024-07-30
|l 0
|r 2026-02-21 20:00:26
|w 2026-02-21
|
| 952 |
|
|
|t č. 1-4
|a SNK
|b SNK
|y PREZ
|7 0
|p 17A1523852
|o snkČSB 5950/15/2023/1
|i snk2024/12178
|8 0
|0 0
|1 0
|4 0
|d 2024-07-30
|l 0
|r 2026-02-21 20:00:26
|w 2026-02-21
|
| 952 |
|
|
|t č. 5-7 + príl.
|a SNK
|b SNK
|y PREZ
|7 0
|p 17A1523853
|o snkČSB 5950/15/2023/2
|i snk2024/12180
|8 0
|z Príl.: Kalendár 2024
|0 0
|1 0
|4 0
|d 2024-07-30
|l 0
|r 2026-02-21 20:00:26
|w 2026-02-21
|
| 952 |
|
|
|t č. 1-4
|a SNK
|b SNK
|y PREZ
|7 0
|p 17A1462997
|o snkČSB 5950/12/2020/1
|i snk2022/7006
|8 0
|0 0
|1 0
|4 0
|d 2022-05-06
|l 0
|r 2026-02-21 20:04:02
|w 2026-02-21
|
| 952 |
|
|
|t č. 5-7
|a SNK
|b SNK
|y PREZ
|7 0
|p 17A1462998
|o snkČSB 5950/12/2020/2
|i snk2022/7010
|8 0
|0 0
|1 0
|4 0
|d 2022-05-06
|l 0
|r 2026-02-21 20:04:02
|w 2026-02-21
|
| 952 |
|
|
|t č. 1-4
|a SNK
|b SNK
|y PREZ
|7 0
|p 17A1462999
|o snkČSB 5950/13/2021/1
|i snk2022/7011
|8 0
|0 0
|1 0
|4 0
|d 2022-05-06
|l 0
|r 2026-02-21 20:04:02
|w 2026-02-21
|
| 952 |
|
|
|t č. 5-7
|a SNK
|b SNK
|y PREZ
|7 0
|p 17A1463000
|o snkČSB 5950/13/2021/2
|i snk2022/7012
|8 0
|0 0
|1 0
|4 0
|d 2022-05-06
|l 0
|r 2026-02-21 20:04:02
|w 2026-02-21
|
| 952 |
|
|
|t č. 1-4
|a SNK
|b SNK
|y PREZ
|7 0
|p 17A1465065
|o snkČSB 5950/11/2019/1 D1
|i snk2022/19039
|8 0
|0 0
|1 0
|4 0
|d 2022-12-16
|l 0
|r 2026-02-21 20:10:38
|w 2026-02-21
|
| 952 |
|
|
|t č. 5-7
|a SNK
|b SNK
|y PREZ
|7 0
|p 17A1465066
|o snkČSB 5950/11/2019/2 D1
|i snk2022/19042
|8 0
|0 0
|1 0
|4 0
|d 2022-12-16
|l 0
|r 2026-02-21 20:10:38
|w 2026-02-21
|
| 952 |
|
|
|t č. 1-4
|a SNK
|b SNK
|y PREZ
|7 0
|p 17A1465067
|o snkČSB 5950/12/2020/1 D1
|i snk2022/19052
|8 0
|0 0
|1 0
|4 0
|d 2022-12-16
|l 0
|r 2026-02-21 20:10:38
|w 2026-02-21
|
| 952 |
|
|
|t č. 5-7
|a SNK
|b SNK
|y PREZ
|7 0
|p 17A1465068
|o snkČSB 5950/12/2020/2 D1
|i snk2022/19053
|8 0
|0 0
|1 0
|4 0
|d 2022-12-16
|l 0
|r 2026-02-21 20:10:38
|w 2026-02-21
|
| 952 |
|
|
|t č. 1-7
|a SNK
|b SNK
|y PREZ
|7 0
|p 17A1089787
|o snkČSB 5950/3/2011
|i snk2015/3987
|8 0
|f 1
|0 0
|1 0
|4 0
|d 2015-02-05
|l 0
|r 2026-02-21 20:31:28
|w 2026-02-21
|
| 952 |
|
|
|t č. 1-3
|a SNK
|b SNK
|y PREZ
|7 0
|p 17A1142796
|o snkČSB 5950/1/2009 D1
|i snk2015/4067
|8 0
|0 0
|1 0
|4 0
|d 2015-02-05
|l 0
|r 2026-02-21 20:51:17
|w 2026-02-21
|
| 952 |
|
|
|t č. 1-7
|a SNK
|b SNK
|y PREZ
|7 0
|p 17A1142797
|o snkČSB 5950/2/2010 D1
|i snk2015/4068
|8 0
|0 0
|1 0
|4 0
|d 2015-02-05
|l 0
|r 2026-02-21 20:51:17
|w 2026-02-21
|
| 952 |
|
|
|t č. 1-7
|a SNK
|b SNK
|y PREZ
|7 0
|p 17A1089788
|o snkČSB 5950/2/2010
|i snk2015/3980
|8 0
|f 1
|0 0
|1 0
|4 0
|d 2015-02-05
|l 0
|r 2026-02-21 20:52:46
|w 2026-02-21
|
| 952 |
|
|
|t č. 1-7
|a SNK
|b SNK
|y PREZ
|7 0
|p 17A1089786
|o snkČSB 5950/4/2012
|i snk2015/3999
|8 0
|f 1
|0 0
|1 0
|4 0
|d 2015-02-05
|l 0
|r 2026-02-21 20:52:46
|w 2026-02-21
|
| 952 |
|
|
|t č. 1-7
|a SNK
|b SNK
|y PREZ
|7 0
|p 17A1089785
|o snkČSB 5950/5/2013
|i snk2015/4010
|8 0
|f 1
|0 0
|1 0
|4 0
|d 2015-02-05
|l 0
|r 2026-02-21 20:52:58
|w 2026-02-21
|
| 952 |
|
|
|t č. 1-7
|a SNK
|b SNK
|y PREZ
|7 0
|p 17A1089784
|o snkČSB 5950/6/2014
|i snk2015/4027
|8 0
|f 1
|0 0
|1 0
|4 0
|d 2015-02-05
|l 0
|r 2026-02-21 20:52:58
|w 2026-02-21
|
| 952 |
|
|
|t č. 1-7
|a SNK
|b SNK
|y PREZ
|7 0
|p 17A1142798
|o snkČSB 5950/3/2011 D1
|i snk2015/4069
|8 0
|0 0
|1 0
|4 0
|d 2015-02-05
|l 0
|r 2026-02-21 20:52:58
|w 2026-02-21
|
| 952 |
|
|
|t č. 1-7
|a SNK
|b SNK
|y PREZ
|7 0
|p 17A1142799
|o snkČSB 5950/4/2012 D1
|i snk2015/4070
|8 0
|0 0
|1 0
|4 0
|d 2015-02-05
|l 0
|r 2026-02-21 20:52:58
|w 2026-02-21
|
| 952 |
|
|
|t č. 1-7
|a SNK
|b SNK
|y PREZ
|7 0
|p 17A1142800
|o snkČSB 5950/5/2013 D1
|i snk2015/4073
|8 0
|0 0
|1 0
|4 0
|d 2015-02-05
|l 0
|r 2026-02-21 20:52:58
|w 2026-02-21
|
| 952 |
|
|
|t č. 1-3
|a SNK
|b SNK
|y PREZ
|7 0
|p 17A1089783
|o snkČSB 5950/1/2009
|i snk2015/3966
|8 0
|f 1
|0 0
|1 0
|4 0
|d 2015-02-05
|l 0
|r 2026-02-21 21:03:01
|w 2026-02-21
|
| 952 |
|
|
|t č. 5-7
|a SNK
|b SNK
|y PREZ
|7 0
|p 17A1387190
|o snkČSB 5950/10/2018/2
|i snk2020/6159
|8 0
|f 1
|0 0
|1 0
|4 0
|d 2020-03-10
|l 0
|r 2026-02-21 21:53:00
|w 2026-02-21
|
| 952 |
|
|
|t č. 1-4
|a SNK
|b SNK
|y PREZ
|7 0
|p 17A1387191
|o snkČSB 5950/11/2019/1
|i snk2020/6162
|8 0
|f 1
|0 0
|1 0
|4 0
|d 2020-03-10
|l 0
|r 2026-02-21 21:53:01
|w 2026-02-21
|
| 952 |
|
|
|t č. 5-7
|a SNK
|b SNK
|y PREZ
|7 0
|p 17A1387192
|o snkČSB 5950/11/2019/2
|i snk2020/6192
|8 0
|f 1
|0 0
|1 0
|4 0
|d 2020-03-11
|l 0
|r 2026-02-21 21:53:01
|w 2026-02-21
|
| 952 |
|
|
|t č. 1-7
|a SNK
|b SNK
|y PREZ
|7 0
|p 17A1387227
|o snkČSB 5950/9/2017 D1
|i snk2020/7668
|8 0
|0 0
|1 0
|4 0
|d 2020-05-15
|l 0
|r 2026-02-21 21:53:16
|w 2026-02-21
|
| 952 |
|
|
|t č. 1-7
|a SNK
|b SNK
|y PREZ
|7 0
|p 17A1329398
|o snkČSB 5950/6/2014 D1
|i snk2018/22471
|8 0
|0 0
|1 0
|4 0
|d 2018-10-31
|l 0
|r 2026-02-21 21:58:14
|w 2026-02-21
|
| 952 |
|
|
|t č. 1-7
|a SNK
|b SNK
|y PREZ
|7 0
|p 17A1329399
|o snkČSB 5950/7/2015
|i snk2018/22472
|8 0
|f 1
|0 0
|1 0
|4 0
|d 2018-10-31
|l 0
|r 2026-02-21 21:58:14
|w 2026-02-21
|
| 952 |
|
|
|t č. 1-7
|a SNK
|b SNK
|y PREZ
|7 0
|p 17A1329400
|o snkČSB 5950/7/2015 D1
|i snk2018/22473
|8 0
|0 0
|1 0
|4 0
|d 2018-10-31
|l 0
|r 2026-02-21 21:58:14
|w 2026-02-21
|
| 952 |
|
|
|t č. 1-7
|a SNK
|b SNK
|y PREZ
|7 0
|p 17A1329401
|o snkČSB 5950/8/2016
|i snk2018/22474
|8 0
|f 1
|0 0
|1 0
|4 0
|d 2018-10-31
|l 0
|r 2026-02-21 21:58:14
|w 2026-02-21
|
| 952 |
|
|
|t č. 1-7, neúplné
|a SNK
|b SNK
|y PREZ
|7 0
|p 17A1329402
|o snkČSB 5950/8/2016 D1
|i snk2018/22475
|8 0
|z Chýba č. 3
|0 0
|1 0
|4 0
|d 2018-10-31
|l 0
|r 2026-02-21 21:58:14
|w 2026-02-21
|
| 952 |
|
|
|t č. 1-7
|a SNK
|b SNK
|y PREZ
|7 0
|p 17A1329403
|o snkČSB 5950/9/2017
|i snk2018/22476
|8 0
|f 1
|0 0
|1 0
|4 0
|d 2018-10-31
|l 0
|r 2026-02-21 21:58:14
|w 2026-02-21
|
| 952 |
|
|
|t č. 1-4, neúplné
|a SNK
|b SNK
|y PREZ
|7 0
|p 17A1430621
|o snkČSB 5950/10/2018/1 D1
|i snk2020/10456
|8 0
|z Chýba č. 4
|0 0
|1 0
|4 0
|d 2020-06-15
|l 0
|r 2026-02-21 22:00:38
|w 2026-02-21
|
| 952 |
|
|
|t č. 5-7
|a SNK
|b SNK
|y PREZ
|7 0
|p 17A1430620
|o snkČSB 5950/10/2018/2 D1
|i snk2020/10459
|8 0
|0 0
|1 0
|4 0
|d 2020-06-15
|l 0
|r 2026-02-21 22:00:39
|w 2026-02-21
|
| 952 |
|
|
|t č. 1-4
|a SNK
|b SNK
|y PREZ
|7 0
|p 17A1387189
|o snkČSB 5950/10/2018/1
|i snk2020/6150
|8 0
|f 1
|0 0
|1 0
|4 0
|d 2020-03-10
|l 0
|r 2026-02-21 22:30:13
|w 2026-02-21
|
| 952 |
|
|
|t 2
|a SNK
|b SNK
|c SNK_KF
|y PREZ
|7 4
|p 17A1559404
|o snkČSB 5950/2024/1 D1
|i snk2026/4885
|h č. 1-4
|8 3
|g 19.80
|0 0
|1 0
|2 udc
|4 0
|d 2026-04-07
|l 0
|r 2026-04-07 10:19:16
|w 2026-04-07
|
| 952 |
|
|
|t 2
|a SNK
|b SNK
|c SNK_KF
|y PREZ
|7 4
|p 17A1559405
|o snkČSB 5950/2024/2 D1
|i snk2026/4888
|h č. 5-7
|8 3
|g 19.80
|0 0
|1 0
|2 udc
|4 0
|d 2026-04-07
|l 0
|r 2026-04-07 10:26:04
|w 2026-04-07
|